Score 0/26 Timer 03:00
0 Plays Today
% Correct
Mongolia
98.4%
China
98.4%
Ukraine
98.4%
Finland
97.3%
DRC
96.9%
Kazakhstan
96.3%
Lithuania
96.1%
Latvia
95.4%
Bulgaria
95.3%
Belarus
95%
Estonia
94.7%
Hungary
93.3%
Poland
93%
% Correct
CAR
92.7%
Serbia
92.5%
Moldova
92.1%
Uganda
91.9%
Cameroon
90.2%
Georgia
89.3%
Norway
89%
North Korea
88.2%
Burundi
87.9%
Gabon
87.6%
Tanzania
86.5%
Azerbaijan
85.4%
Angola
58.3%
Remove Ads.
Support Sporcle.
Get the best of Sporcle when you Go Orange. This ad-free experience offers more features, more stats, and more fun while also helping to support Sporcle. Thank you for becoming a member.

You're not logged in!

Compare scores with friends on all Sporcle quizzes.
OR
Log In

Show Comments

Extras

Created Jun 5, 2017ReportNominate
Tags:Country Quiz, map

Top Quizzes Today


Score Distribution

Your Account Isn't Verified!

In order to create a playlist on Sporcle, you need to verify the email address you used during registration. Go to your Sporcle Settings to finish the process.

Report this User

Report this user for behavior that violates our Community Guidelines.

Details: